<?xml version="1.0" encoding="UTF-8"?>
<record
    xmlns:xsi="http://www.w3.org/2001/XMLSchema-instance"
    xsi:schemaLocation="http://www.loc.gov/MARC21/slim http://www.loc.gov/standards/marcxml/schema/MARC21slim.xsd"
    xmlns="http://www.loc.gov/MARC21/slim">

  <leader>01731nam a22002417a 4500</leader>
  <controlfield tag="005">20240801101825.0</controlfield>
  <controlfield tag="008">240729b           ||||| |||| 00| 0 eng d</controlfield>
  <datafield tag="020" ind1=" " ind2=" ">
    <subfield code="a">9788119153763</subfield>
  </datafield>
  <datafield tag="040" ind1=" " ind2=" ">
    <subfield code="c">AL</subfield>
  </datafield>
  <datafield tag="041" ind1=" " ind2=" ">
    <subfield code="a">eng</subfield>
  </datafield>
  <datafield tag="082" ind1=" " ind2=" ">
    <subfield code="2">23</subfield>
    <subfield code="a">658.314</subfield>
    <subfield code="b">MAXT</subfield>
  </datafield>
  <datafield tag="100" ind1=" " ind2=" ">
    <subfield code="a">John C Maxwell</subfield>
    <subfield code="9">174656</subfield>
  </datafield>
  <datafield tag="245" ind1=" " ind2=" ">
    <subfield code="a">Three things Successful People Do</subfield>
  </datafield>
  <datafield tag="260" ind1=" " ind2=" ">
    <subfield code="a">Ahmedabad</subfield>
    <subfield code="c">Jaico Publishing House</subfield>
    <subfield code="b">2024</subfield>
  </datafield>
  <datafield tag="300" ind1=" " ind2=" ">
    <subfield code="a">vi,213p.</subfield>
    <subfield code="b">PB</subfield>
    <subfield code="c">18x13cm.</subfield>
  </datafield>
  <datafield tag="365" ind1=" " ind2=" ">
    <subfield code="2">Psychology</subfield>
    <subfield code="a">2488</subfield>
    <subfield code="b">280.00</subfield>
    <subfield code="c">&#x20B9;</subfield>
    <subfield code="d">350.00</subfield>
    <subfield code="e">20%</subfield>
    <subfield code="f">17-07-2024</subfield>
  </datafield>
  <datafield tag="520" ind1=" " ind2=" ">
    <subfield code="a">You have the potential to become a success today&#x2014;once you know what success truly is and the simple secrets needed to discover it. Achieving success in life isn&#x2019;t complicated. It doesn&#x2019;t require memorizing a complex formula, sleeping only three hours every night, or standing on your head each morning. What it does take is homing in on a few indispensable keys. To find the success you desire in your life, you must know your purpose, grow to your maximum potential, and sow seeds that benefit others. Purpose, growth, and generosity&#x2014;it&#x2019;s really that simple. In 3 Things Successful People Do, legendary success mentor John C. Maxwell unfolds these three critical components in rich detail, seasoning each principle with real-life success stories and relevant examples. Along the way he reminds us that success is for everyone, not just for the lucky or privileged. It&#x2019;s for homemakers and businesspeople, students, soon-to-be retirees, athletes, church pastors, factory workers, and entrepreneurs. And it&#x2019;s for you.</subfield>
  </datafield>
  <datafield tag="650" ind1=" " ind2=" ">
    <subfield code="a">Maximum Potential</subfield>
    <subfield code="9">174484</subfield>
  </datafield>
  <datafield tag="650" ind1=" " ind2=" ">
    <subfield code="a">Fiction and non ficton </subfield>
    <subfield code="9">174657</subfield>
  </datafield>
  <datafield tag="650" ind1=" " ind2=" ">
    <subfield code="a">Purpose</subfield>
    <subfield code="9">174485</subfield>
  </datafield>
  <datafield tag="700" ind1=" " ind2=" ">
    <subfield code="a">MAXWELL (John C)</subfield>
    <subfield code="9">174476</subfield>
  </datafield>
  <datafield tag="942" ind1=" " ind2=" ">
    <subfield code="2">ddc</subfield>
    <subfield code="c">BK</subfield>
  </datafield>
  <datafield tag="999" ind1=" " ind2=" ">
    <subfield code="c">231536</subfield>
    <subfield code="d">231536</subfield>
  </datafield>
  <datafield tag="952" ind1=" " ind2=" ">
    <subfield code="0">0</subfield>
    <subfield code="1">0</subfield>
    <subfield code="2">ddc</subfield>
    <subfield code="4">0</subfield>
    <subfield code="7">0</subfield>
    <subfield code="8">PSY</subfield>
    <subfield code="a">AL</subfield>
    <subfield code="b">AL</subfield>
    <subfield code="d">2024-07-22</subfield>
    <subfield code="e">Biblios Book Point Surathkal Mangalore 575014</subfield>
    <subfield code="g">280.00</subfield>
    <subfield code="l">1</subfield>
    <subfield code="o">658.314 MAXT</subfield>
    <subfield code="p">077253</subfield>
    <subfield code="r">2025-02-17 00:00:00</subfield>
    <subfield code="s">2025-01-27</subfield>
    <subfield code="v">350.00</subfield>
    <subfield code="w">2024-07-29</subfield>
    <subfield code="y">BK</subfield>
  </datafield>
</record>
